|
|
|
|
| LEADER |
01081nam a2200277 a 4500 |
| 001 |
2505603 |
| 008 |
111115s1993 cauab b 001 0 eng |
| 010 |
|
|
|a 92035501
|
| 020 |
|
|
|a 0803950365 (cl.)
|
| 020 |
|
|
|a 0803950373 (pb.)
|
| 040 |
|
|
|a DLC
|c DLC
|d DLC
|d BD-DhAAL
|
| 050 |
0 |
0 |
|a H62
|b .S7547 1993
|
| 082 |
0 |
0 |
|a 300/.72
|2 20
|
| 100 |
1 |
|
|a Stewart, David W.
|
| 245 |
1 |
0 |
|a Secondary research :
|b information sources and methods /
|c David W. Stewart, Michael A. Kamins.
|
| 250 |
|
|
|a 2nd ed.
|
| 260 |
|
|
|a Newbury Park :
|b Sage Publications,
|c c1993.
|
| 300 |
|
|
|a x, 158 p. :
|b ill., map ;
|c 23 cm.
|
| 490 |
0 |
|
|a Applied social research methods series ;
|v v. 4
|
| 504 |
|
|
|a Includes bibliographical references (p. 139-150) and indexes.
|
| 541 |
|
|
|e 00005736
|
| 650 |
|
0 |
|a Social sciences
|x Research.
|
| 700 |
1 |
|
|a Kamins, Michael A.
|
| 852 |
1 |
|
|a Ayesha Abed Library
|c General shelf.
|
| 999 |
|
|
|c 11406
|d 11406
|
| 952 |
|
|
|0 0
|1 0
|2 ddc
|4 0
|6 300_720000000000000_STE
|7 0
|9 18544
|a BRACUL
|b BRACUL
|c GEN
|d 2011-11-15
|g 0.00
|l 0
|o 300.72 STE
|p 3010005736
|r 2011-11-15
|t 1
|w 2011-11-15
|y BK
|z Not price in Register
|